[Event "MCR druzstev mladsich zaku 2015"]
[Site "Hradec Kralove"]
[Date "2015.06.13"]
[Round "4.4"]
[White "Brazda (Polabiny \"A\"), Vit"]
[Black "Krejcok (BSS F-M \"A\"), Tobias"]
[Result "0-1"]
[BlackElo "1605"]
[WhiteElo "1419"]
[LiveChessVersion "1.4.4"]

1. e4 {[%clk 0:25:17]} c5 {[%clk 0:25:15]} 2. d4 {[%clk 0:25:21]} cxd4
{[%clk 0:25:16]} 3. c3 {[%clk 0:25:29]} g6 {[%clk 0:25:18]} 4. cxd4
{[%clk 0:25:24]} Bg7 {[%clk 0:25:17]} 5. Nf3 {[%clk 0:25:30]} Nc6
{[%clk 0:25:14]} 6. Nc3 {[%clk 0:24:54]} d6 {[%clk 0:24:57]} 7. Bc4
{[%clk 0:23:57]} Nf6 {[%clk 0:24:36]} 8. O-O {[%clk 0:22:34]} Bg4
{[%clk 0:23:54]} 9. Bb5 {[%clk 0:21:11]} a6 {[%clk 0:23:43]} 10. Ba4
{[%clk 0:21:03]} b5 {[%clk 0:23:40]} 11. Bb3 {[%clk 0:21:07]} O-O
{[%clk 0:23:25]} 12. e5 {[%clk 0:19:50]} dxe5 {[%clk 0:23:17]} 13. dxe5
{[%clk 0:19:34]} Qxd1 {[%clk 0:22:20]} 14. Bxd1 {[%clk 0:19:40]} Nd7
{[%clk 0:22:16]} 15. Bf4 {[%clk 0:18:32]} Nc5 {[%clk 0:21:17]} 16. h3
{[%clk 0:18:26]} Nd3 {[%clk 0:21:12]} 17. Bh2 {[%clk 0:18:04]} Be6
{[%clk 0:20:58]} 18. Ng5 {[%clk 0:17:19]} Nd4 {[%clk 0:20:29]} 19. Nxe6
{[%clk 0:16:55]} Nxe6 {[%clk 0:20:36]} 20. Bf3 {[%clk 0:15:39]} Rab8
{[%clk 0:20:07]} 21. Nd5 {[%clk 0:14:47]} Rfe8 {[%clk 0:19:51]} 22. Rad1
{[%clk 0:14:12]} Nxb2 {[%clk 0:19:28]} 23. Rb1 {[%clk 0:12:40]} Nc4
{[%clk 0:19:01]} 24. Rfe1 {[%clk 0:12:26]} Nd2 {[%clk 0:17:34]} 25. Rbd1
{[%clk 0:12:24]} Nxf3+ {[%clk 0:17:20]} 26. gxf3 {[%clk 0:12:27]} Rbc8
{[%clk 0:16:28]} 27. Nb6 {[%clk 0:11:57]} Rc6 {[%clk 0:15:48]} 28. Nd5
{[%clk 0:10:39]} Ng5 {[%clk 0:15:06]} 29. Kg2 {[%clk 0:10:12]} e6
{[%clk 0:13:57]} 30. Nf6+ {[%clk 0:09:57]} Bxf6 {[%clk 0:13:59]} 31. exf6
{[%clk 0:10:05]} h5 {[%clk 0:13:55]} 32. Rd7 {[%clk 0:09:14]} Nh7
{[%clk 0:13:41]} 33. Be5 {[%clk 0:09:15]} Nf8 {[%clk 0:12:11]} 34. Ra7
{[%clk 0:09:17]} Rd8 {[%clk 0:11:29]} 35. Bf4 {[%clk 0:07:25]} Nh7
{[%clk 0:11:10]} 36. Rc1 {[%clk 0:06:33]} Rxc1 {[%clk 0:10:00]} 37. Bxc1
{[%clk 0:06:43]} Nxf6 {[%clk 0:09:33]} 38. Bg5 {[%clk 0:06:51]} Kg7
{[%clk 0:09:38]} 39. Rxa6 {[%clk 0:06:58]} Rd5 {[%clk 0:09:44]} 40. Bxf6+ Kxf6
{[%clk 0:09:51]} 41. Ra7 {[%clk 0:07:04]} Kg7 {[%clk 0:09:18]} 42. Rb7
{[%clk 0:07:03]} Rd2 {[%clk 0:09:15]} 43. Rxb5 {[%clk 0:07:00]} Rxa2
{[%clk 0:09:22]} 44. Rb7 {[%clk 0:06:48]} h4 {[%clk 0:09:21]} 45. Rb4
{[%clk 0:06:48]} g5 {[%clk 0:09:30]} 46. Rb5 {[%clk 0:06:56]} Kg6
{[%clk 0:09:35]} 47. Rb4 {[%clk 0:06:21]} f5 {[%clk 0:09:29]} 48. Rb6
{[%clk 0:06:22]} Kf6 {[%clk 0:09:34]} 49. Rb8 {[%clk 0:06:26]} Ke5
{[%clk 0:09:10]} 50. Rg8 {[%clk 0:06:25]} Kf4 {[%clk 0:09:15]} 51. Rg6
{[%clk 0:06:30]} e5 {[%clk 0:09:18]} 52. Rb6 {[%clk 0:06:10]} Rd2
{[%clk 0:08:25]} 53. Rb4+ {[%clk 0:06:07]} Rd4 {[%clk 0:08:33]} 54. Rb3
{[%clk 0:06:13]} e4 {[%clk 0:08:29]} 55. fxe4 {[%clk 0:06:00]} Rxe4
{[%clk 0:08:10]} 56. Rf3+ {[%clk 0:06:05]} Ke5 {[%clk 0:08:19]} 57. Rc3
{[%clk 0:05:42]} g4 {[%clk 0:07:29]} 58. Rc5+ {[%clk 0:05:40]} Kf4
{[%clk 0:07:35]} 59. hxg4 {[%clk 0:05:49]} fxg4 {[%clk 0:07:40]} 60. Rc6
{[%clk 0:05:54]} h3+ {[%clk 0:07:48]} 61. Kh2 {[%clk 0:05:51]} Kf3
{[%clk 0:07:38]} 62. Rf6+ {[%clk 0:05:59]} Rf4 {[%clk 0:07:44]} 63. Rxf4+
{[%clk 0:05:43]} Kxf4 {[%clk 0:07:52]} 64. Kg1 {[%clk 0:05:44]} Kf3
{[%clk 0:07:53]} 65. Kh2 {[%clk 0:05:53]} Kxf2 {[%clk 0:07:49]} 66. Kh1
{[%clk 0:06:02]} h2 0-1

[Event "MCR druzstev mladsich zaku 2015"]
[Site "Hradec Kralove"]
[Date "2015.06.13"]
[Round "4.5"]
[White "Nytra (BSS F-M \"A\"), Ondrej"]
[Black "Stocek (Polabiny \"A\"), Martin"]
[Result "0-1"]
[BlackElo "1439"]
[WhiteElo "1707"]
[LiveChessVersion "1.4.4"]

1. e4 {[%clk 0:25:18]} e6 {[%clk 0:25:18]} 2. d4 {[%clk 0:25:26]} d5
{[%clk 0:25:26]} 3. e5 {[%clk 0:25:34]} c5 {[%clk 0:25:33]} 4. c3
{[%clk 0:25:43]} Qb6 {[%clk 0:25:40]} 5. Nf3 {[%clk 0:25:48]} Nc6
{[%clk 0:25:45]} 6. Be2 {[%clk 0:25:52]} Nge7 {[%clk 0:25:22]} 7. b3
{[%clk 0:25:45]} cxd4 {[%clk 0:25:19]} 8. cxd4 {[%clk 0:25:53]} Nf5
{[%clk 0:25:08]} 9. Bb2 {[%clk 0:25:50]} Bb4+ {[%clk 0:24:35]} 10. Nc3
{[%clk 0:25:18]} Nfxd4 {[%clk 0:23:04]} 11. Nxd4 {[%clk 0:25:05]} Qxd4
{[%clk 0:22:46]} 12. Qxd4 {[%clk 0:24:31]} Nxd4 {[%clk 0:22:51]} 13. Rc1
{[%clk 0:24:08]} Nxe2 {[%clk 0:22:54]} 14. Kxe2 {[%clk 0:24:16]} Bd7
{[%clk 0:22:35]} 15. a3 {[%clk 0:24:00]} Bxc3 {[%clk 0:22:35]} 16. Bxc3
{[%clk 0:24:08]} O-O {[%clk 0:22:24]} 17. Bb4 {[%clk 0:24:15]} Rfc8
{[%clk 0:22:27]} 18. a4 {[%clk 0:24:19]} Rxc1 {[%clk 0:22:00]} 19. Rxc1
{[%clk 0:24:25]} Rc8 {[%clk 0:22:07]} 20. Rxc8+ {[%clk 0:24:17]} Bxc8
{[%clk 0:22:15]} 21. Kd3 {[%clk 0:24:25]} f6 {[%clk 0:22:04]} 22. f4
{[%clk 0:24:16]} Kf7 {[%clk 0:21:14]} 23. Kd4 {[%clk 0:24:02]} b6
{[%clk 0:20:58]} 24. a5 {[%clk 0:23:59]} b5 {[%clk 0:20:33]} 25. Kc5
{[%clk 0:24:03]} a6 {[%clk 0:20:42]} 26. Kc6 {[%clk 0:24:12]} Ke8
{[%clk 0:20:20]} 27. Kc7 {[%clk 0:24:21]} Bd7 {[%clk 0:20:21]} 28. Kb7
{[%clk 0:24:26]} Kd8 {[%clk 0:20:26]} 29. Kxa6 {[%clk 0:24:34]} Kc7
{[%clk 0:19:54]} 30. Bc5 {[%clk 0:23:59]} Kc6 {[%clk 0:19:21]} 31. b4
{[%clk 0:24:02]} Kc7 {[%clk 0:19:05]} 32. g4 {[%clk 0:23:38]} fxe5
{[%clk 0:18:58]} 33. fxe5 {[%clk 0:23:46]} g6 {[%clk 0:18:57]} 34. h4
{[%clk 0:23:02]} h5 {[%clk 0:18:37]} 35. g5 {[%clk 0:23:06]} Kc6 {[%clk 0:18:42]}
36. Ka7 {[%clk 0:22:53]} Kc7 {[%clk 0:18:48]} 37. Bd6+ {[%clk 0:22:49]} Kc6
{[%clk 0:16:29]} 38. Kb8 {[%clk 0:22:57]} d4 {[%clk 0:16:20]} 39. Bc5
{[%clk 0:22:39]} d3 {[%clk 0:16:28]} 40. Be3 {[%clk 0:22:47]} Kd5
{[%clk 0:15:58]} 41. Bd2 {[%clk 0:22:43]} Kxe5 {[%clk 0:15:43]} 42. Kc7
{[%clk 0:22:51]} Be8 {[%clk 0:15:13]} 43. a6 {[%clk 0:22:59]} Kd5
{[%clk 0:15:21]} 44. a7 {[%clk 0:23:08]} Bc6 {[%clk 0:15:29]} 45. Kb8
{[%clk 0:23:16]} Kd6 {[%clk 0:14:42]} 46. a8=Q {[%clk 0:23:13]} Bxa8
{[%clk 0:14:50]} 47. Kxa8 {[%clk 0:23:21]} e5 {[%clk 0:14:36]} 48. Kb7
{[%clk 0:23:26]} e4 {[%clk 0:14:39]} 49. Kb6 {[%clk 0:23:34]} Kd5
{[%clk 0:14:45]} 50. Be3 {[%clk 0:23:42]} Kc4 {[%clk 0:14:49]} 51. Bd2
{[%clk 0:21:17]} Kd4 {[%clk 0:14:52]} 52. Kxb5 {[%clk 0:21:21]} e3
{[%clk 0:15:00]} 53. Bxe3+ {[%clk 0:21:13]} Kxe3 {[%clk 0:15:08]} 54. Kc5
{[%clk 0:21:22]} d2 {[%clk 0:15:17]} 55. Kd5 {[%clk 0:21:31]} d1=Q+
{[%clk 0:15:24]} 56. Ke6 {[%clk 0:21:40]} Qb3+ {[%clk 0:15:31]} 57. Kf6
{[%clk 0:21:49]} Qg8 {[%clk 0:15:11]} 58. b5 {[%clk 0:21:56]} Kd4
{[%clk 0:15:14]} 59. b6 {[%clk 0:22:06]} Qh7 {[%clk 0:15:02]} 60. b7
{[%clk 0:22:15]} Qxb7 {[%clk 0:15:10]} 61. Kxg6 {[%clk 0:22:24]} Qf3
{[%clk 0:15:10]} 62. Kh6 {[%clk 0:22:32]} Ke5 {[%clk 0:15:00]} 63. g6
{[%clk 0:22:39]} Kf6 {[%clk 0:14:22]} 64. g7 {[%clk 0:22:46]} Qg4
{[%clk 0:14:15]} 65. g8=Q {[%clk 0:22:47]} Qxg8 {[%clk 0:14:12]} 66. Kxh5
{[%clk 0:22:56]} Qh7+ {[%clk 0:14:18]} 67. Kg4 {[%clk 0:23:04]} Kg6
{[%clk 0:14:25]} 68. Kg3 {[%clk 0:23:08]} Kh5 {[%clk 0:14:18]} 69. Kf4
{[%clk 0:23:16]} Kxh4 {[%clk 0:14:25]} 70. Ke5 {[%clk 0:23:25]} Qf7
{[%clk 0:14:26]} 71. Kd4 {[%clk 0:23:29]} Qe6 {[%clk 0:14:34]} 72. Kc5
{[%clk 0:23:35]} Qd7 {[%clk 0:14:42]} 73. Kc4 {[%clk 0:23:44]} Kg5
{[%clk 0:14:50]} 74. Kc5 {[%clk 0:23:53]} Kf5 {[%clk 0:14:58]} 75. Kc4
{[%clk 0:24:03]} Ke4 {[%clk 0:15:07]} 76. Kc5 {[%clk 0:24:12]} Qd5+
{[%clk 0:15:15]} 77. Kb6 {[%clk 0:24:21]} Qc4 {[%clk 0:15:23]} 78. Kb7
{[%clk 0:24:30]} Kd5 {[%clk 0:15:31]} 79. Kb6 {[%clk 0:24:39]} Qc6+
{[%clk 0:15:40]} 80. Ka5 {[%clk 0:24:48]} Qb7 {[%clk 0:15:47]} 81. Ka4
{[%clk 0:24:58]} Kc4 {[%clk 0:15:56]} 82. Ka3 {[%clk 0:25:07]} Qb3#
{[%clk 0:16:04]} 0-1

[Event "MCR druzstev mladsich zaku 2015"]
[Site "Hradec Kralove"]
[Date "2015.06.13"]
[Round "4.6"]
[White "Pilna (Polabiny \"A\"), Jitka"]
[Black "Laurincova (BSS F-M \"A\"), Kristyna"]
[Result "0-1"]
[BlackElo "1657"]
[WhiteElo "1153"]
[LiveChessVersion "1.4.4"]

1. e4 {[%clk 0:25:18]} c5 {[%clk 0:25:19]} 2. Nf3 {[%clk 0:25:26]} d6
{[%clk 0:25:27]} 3. Nc3 {[%clk 0:25:23]} Nc6 {[%clk 0:25:27]} 4. Bb5 Bd7
{[%clk 0:24:54]} 5. Bxc6 {[%clk 0:24:21]} Bxc6 {[%clk 0:25:02]} 6. d3
{[%clk 0:24:29]} g6 {[%clk 0:24:55]} 7. d4 {[%clk 0:24:07]} cxd4 {[%clk 0:24:02]}
8. Qxd4 {[%clk 0:24:15]} Nf6 {[%clk 0:24:00]} 9. Bg5 {[%clk 0:23:46]} Bg7
{[%clk 0:24:06]} 10. h3 {[%clk 0:22:28]} O-O {[%clk 0:24:09]} 11. Qd3
{[%clk 0:19:35]} Qb6 {[%clk 0:23:13]} 12. Rb1 {[%clk 0:17:43]} Qb4
{[%clk 0:22:51]} 13. Bxf6 {[%clk 0:17:03]} Bxf6 {[%clk 0:22:42]} 14. O-O
{[%clk 0:17:02]} Rfe8 {[%clk 0:19:26]} 15. a3 {[%clk 0:15:50]} Qa5
{[%clk 0:19:14]} 16. Rfe1 {[%clk 0:14:25]} Rac8 {[%clk 0:18:29]} 17. Re3
{[%clk 0:10:42]} Ba4 {[%clk 0:16:56]} 18. Nxa4 {[%clk 0:10:27]} Qxa4
{[%clk 0:17:05]} 19. Qb3 {[%clk 0:08:37]} Qxb3 {[%clk 0:17:08]} 20. cxb3
{[%clk 0:08:46]} Rc2 {[%clk 0:17:14]} 21. e5 dxe5 {[%clk 0:16:54]} 22. Nxe5
{[%clk 0:08:22]} Rec8 {[%clk 0:16:15]} 23. Nc4 {[%clk 0:07:08]} b5
{[%clk 0:15:31]} 24. Ne5 {[%clk 0:06:25]} Rc1+ {[%clk 0:14:49]} 25. Rxc1
{[%clk 0:06:33]} Rxc1+ {[%clk 0:17:04]} 26. Kh2 {[%clk 0:06:32]} Rc2
{[%clk 0:16:22]} 27. a4 {[%clk 0:06:10]} bxa4 {[%clk 0:16:19]} 28. bxa4
{[%clk 0:06:18]} Rxb2 {[%clk 0:15:56]} 29. Ng4 {[%clk 0:05:38]} Bg5
{[%clk 0:15:27]} 30. Rd3 {[%clk 0:05:10]} Rb4 {[%clk 0:14:50]} 31. Ra3
{[%clk 0:03:38]} Bf4+ {[%clk 0:14:54]} 32. g3 {[%clk 0:03:37]} Bd6
{[%clk 0:15:01]} 33. Ra2 {[%clk 0:03:24]} h5 {[%clk 0:14:22]} 34. Ne3
{[%clk 0:03:12]} e6 {[%clk 0:14:20]} 35. h4 {[%clk 0:03:03]} Rxh4+
{[%clk 0:14:27]} 36. Kg2 {[%clk 0:03:03]} Rb4 {[%clk 0:14:22]} 37. a5
{[%clk 0:02:10]} a6 {[%clk 0:14:23]} 38. Rc2 {[%clk 0:01:57]} Ra4
{[%clk 0:14:18]} 39. Nc4 {[%clk 0:01:52]} Bb4 {[%clk 0:14:15]} 0-1

[Event "MCR druzstev mladsich zaku 2015"]
[Site "Hradec Kralove"]
[Date "2015.06.13"]
[Round "4.7"]
[White "Nemec (Kurim), David"]
[Black "Vantuch (BSS F-M \"B\"), Lucian"]
[Result "0-1"]
[BlackElo "1624"]
[WhiteElo "1556"]
[LiveChessVersion "1.4.4"]

1. c4 {[%clk 0:25:18]} e5 {[%clk 0:25:19]} 2. Nc3 {[%clk 0:24:00]} Nc6
{[%clk 0:24:27]} 3. g3 {[%clk 0:23:47]} Bc5 {[%clk 0:24:01]} 4. Bg2
{[%clk 0:23:19]} Nf6 {[%clk 0:23:21]} 5. e3 {[%clk 0:22:45]} Nb4 {[%clk 0:20:18]}
6. d4 {[%clk 0:22:05]} exd4 {[%clk 0:20:22]} 7. exd4 {[%clk 0:22:14]} Bxd4
{[%clk 0:20:30]} 8. Nge2 {[%clk 0:21:20]} Bc5 {[%clk 0:18:56]} 9. O-O
{[%clk 0:21:06]} O-O {[%clk 0:18:48]} 10. a3 {[%clk 0:19:55]} Nc6
{[%clk 0:18:48]} 11. b4 {[%clk 0:19:10]} Be7 {[%clk 0:18:46]} 12. Bb2
{[%clk 0:18:25]} d6 {[%clk 0:18:03]} 13. Nd4 {[%clk 0:17:40]} Ne5
{[%clk 0:17:08]} 14. Qe2 {[%clk 0:15:05]} Re8 {[%clk 0:15:34]} 15. Rfe1
{[%clk 0:14:32]} Bf8 {[%clk 0:15:26]} 16. Qf1 {[%clk 0:14:11]} c6
{[%clk 0:14:18]} 17. h3 {[%clk 0:10:35]} Qc7 {[%clk 0:13:31]} 18. Rad1
{[%clk 0:09:58]} Bd7 {[%clk 0:12:45]} 19. Ne4 {[%clk 0:08:40]} Nxe4
{[%clk 0:12:16]} 20. Bxe4 {[%clk 0:08:04]} Rad8 {[%clk 0:08:45]} 21. Nf3
{[%clk 0:06:14]} Nxf3+ {[%clk 0:07:49]} 22. Bxf3 {[%clk 0:06:21]} Rxe1
{[%clk 0:07:57]} 23. Rxe1 {[%clk 0:06:12]} Re8 {[%clk 0:07:42]} 24. Rxe8
{[%clk 0:06:04]} Bxe8 {[%clk 0:07:50]} 25. Qd3 {[%clk 0:06:13]} Bd7
{[%clk 0:06:38]} 26. Kg2 {[%clk 0:05:59]} c5 {[%clk 0:06:05]} 27. b5
{[%clk 0:05:58]} Be7 {[%clk 0:04:50]} 28. Be4 {[%clk 0:05:40]} h6
{[%clk 0:04:49]} 29. Qf3 {[%clk 0:05:42]} Be6 {[%clk 0:04:04]} 30. Bd3
{[%clk 0:05:11]} Qd7 {[%clk 0:03:35]} 31. g4 {[%clk 0:05:11]} d5 {[%clk 0:03:33]}
32. cxd5 {[%clk 0:04:51]} Bxd5 {[%clk 0:03:42]} 33. Be4 {[%clk 0:05:01]} Bxe4
{[%clk 0:03:39]} 34. Qxe4 {[%clk 0:05:10]} Qxb5 {[%clk 0:03:23]} 35. Qxe7
{[%clk 0:04:32]} Qxb2 {[%clk 0:03:28]} 36. Qxc5 {[%clk 0:04:30]} Qb6
{[%clk 0:03:14]} 37. Qe5 {[%clk 0:03:48]} Qc6+ {[%clk 0:03:14]} 38. Kh2
{[%clk 0:03:49]} Kh7 {[%clk 0:02:35]} 39. Kg3 {[%clk 0:03:26]} Qe6
{[%clk 0:02:08]} 40. Qc5 {[%clk 0:03:08]} b6 41. Qc3 {[%clk 0:02:34]} g6
{[%clk 0:01:16]} 42. Qd3 {[%clk 0:02:17]} Kg7 {[%clk 0:01:17]} 43. Qc3+
{[%clk 0:02:25]} Qf6 {[%clk 0:01:26]} 44. Qd3 {[%clk 0:02:32]} g5
{[%clk 0:01:34]} 45. Kg2 {[%clk 0:02:35]} Qe5 {[%clk 0:01:40]} 46. Kf3
{[%clk 0:02:28]} Qf4+ {[%clk 0:01:38]} 47. Kg2 {[%clk 0:02:37]} Qe5
{[%clk 0:01:32]} 48. Kf3 {[%clk 0:02:44]} Qf6+ {[%clk 0:01:07]} 49. Kg3
{[%clk 0:02:47]} a5 {[%clk 0:01:15]} 50. Kg2 {[%clk 0:02:49]} a4 {[%clk 0:00:54]}
51. Kg3 {[%clk 0:02:58]} Qe5+ {[%clk 0:00:48]} 52. Kg2 {[%clk 0:03:05]} b5
{[%clk 0:00:57]} 53. Kg1 {[%clk 0:02:30]} b4 {[%clk 0:00:45]} 54. axb4
{[%clk 0:02:31]} Qa1+ {[%clk 0:00:54]} 55. Kg2 {[%clk 0:02:40]} a3
{[%clk 0:01:03]} 56. b5 {[%clk 0:02:40]} a2 {[%clk 0:01:07]} 57. Qb3
{[%clk 0:02:28]} Qb1 {[%clk 0:01:01]} 58. Qc3+ {[%clk 0:02:35]} f6
{[%clk 0:01:10]} 59. Qc7+ {[%clk 0:02:40]} Kg6 {[%clk 0:01:19]} 60. Qe7
{[%clk 0:02:20]} Qxb5 {[%clk 0:00:46]} 61. Qe4+ {[%clk 0:02:21]} Kf7
{[%clk 0:00:42]} 62. Qh7+ {[%clk 0:02:30]} Ke6 {[%clk 0:00:51]} 63. Qe4+
{[%clk 0:02:39]} Kd6 {[%clk 0:00:58]} 64. Qe1 {[%clk 0:02:36]} Qd5+
{[%clk 0:01:03]} 65. Kg1 {[%clk 0:02:41]} Qd4 {[%clk 0:01:09]} 0-1

[Event "MCR druzstev mladsich zaku 2015"]
[Site "Hradec Kralove"]
[Date "2015.06.13"]
[Round "4.8"]
[White "Frank (BSS F-M \"B\"), Adam"]
[Black "Tajovsky (Kurim), Matej"]
[Result "0-1"]
[BlackElo "1643"]
[WhiteElo "1640"]
[LiveChessVersion "1.4.4"]

1. e4 {[%clk 0:25:18]} c5 {[%clk 0:25:06]} 2. Nf3 {[%clk 0:25:16]} Nc6
{[%clk 0:25:10]} 3. d4 {[%clk 0:25:23]} cxd4 {[%clk 0:25:08]} 4. Nxd4
{[%clk 0:25:29]} Nf6 {[%clk 0:24:50]} 5. Nc3 {[%clk 0:25:34]} d6 {[%clk 0:24:57]}
6. Be2 {[%clk 0:25:20]} e6 {[%clk 0:24:19]} 7. Be3 {[%clk 0:25:21]} Be7
{[%clk 0:24:09]} 8. Nb3 {[%clk 0:24:53]} a6 {[%clk 0:23:59]} 9. g4
{[%clk 0:24:36]} b5 {[%clk 0:23:32]} 10. a3 {[%clk 0:23:54]} Bb7 {[%clk 0:23:18]}
11. f3 {[%clk 0:22:44]} Qc7 {[%clk 0:22:26]} 12. Qd2 {[%clk 0:21:35]} Ne5
{[%clk 0:21:27]} 13. h4 {[%clk 0:20:20]} d5 {[%clk 0:20:11]} 14. exd5
{[%clk 0:18:29]} Nxd5 {[%clk 0:20:09]} 15. Nxd5 {[%clk 0:17:25]} Bxd5
{[%clk 0:20:00]} 16. Nd4 {[%clk 0:17:16]} Rd8 {[%clk 0:19:24]} 17. Rh3
{[%clk 0:14:32]} Qb7 {[%clk 0:15:39]} 18. f4 {[%clk 0:12:23]} Bg2
{[%clk 0:14:06]} 19. Rh2 {[%clk 0:09:38]} Nf3+ {[%clk 0:12:56]} 20. Bxf3
{[%clk 0:08:49]} Bxf3 {[%clk 0:13:01]} 21. Kf2 {[%clk 0:07:59]} Bxg4
{[%clk 0:12:05]} 22. Rg1 {[%clk 0:07:29]} Bh5 {[%clk 0:10:51]} 23. Qc3
{[%clk 0:05:55]} Bf6 {[%clk 0:09:42]} 24. Qc5 {[%clk 0:05:09]} Bxd4
{[%clk 0:08:54]} 25. Qxh5 {[%clk 0:04:46]} Bxe3+ {[%clk 0:08:36]} 26. Kxe3
{[%clk 0:04:54]} Qb6+ {[%clk 0:08:02]} 27. Kf3 {[%clk 0:03:28]} Qxg1
{[%clk 0:07:18]} 28. Re2 {[%clk 0:02:14]} Qh1+ {[%clk 0:06:39]} 29. Kf2
{[%clk 0:02:10]} O-O {[%clk 0:05:34]} 30. Qg4 {[%clk 0:01:37]} Rd1
{[%clk 0:04:47]} 31. h5 Rf1+ {[%clk 0:04:37]} 32. Ke3 {[%clk 0:01:12]} Qg1+
{[%clk 0:04:40]} 33. Qxg1 {[%clk 0:01:17]} Rxg1 {[%clk 0:04:48]} 34. Kf3
{[%clk 0:01:19]} Rd8 {[%clk 0:04:44]} 35. f5 {[%clk 0:01:22]} Rf1+
{[%clk 0:04:45]} 36. Kg4 {[%clk 0:01:24]} Rxf5 {[%clk 0:04:51]} 37. Re3
{[%clk 0:01:31]} Kf8 {[%clk 0:04:55]} 38. Rc3 {[%clk 0:01:36]} Ke7
{[%clk 0:04:48]} 39. Rc7+ {[%clk 0:01:43]} Kf6 {[%clk 0:04:57]} 40. Rc6
{[%clk 0:01:50]} Rd4+ {[%clk 0:05:04]} 41. Kg3 {[%clk 0:01:59]} Re5
{[%clk 0:04:54]} 42. Rxa6 {[%clk 0:02:04]} Re3+ {[%clk 0:05:00]} 43. Kf2
{[%clk 0:02:13]} Rh3 {[%clk 0:05:04]} 44. Ke2 {[%clk 0:02:21]} Rc4
{[%clk 0:05:04]} 45. c3 {[%clk 0:02:29]} Kf5 {[%clk 0:05:02]} 46. Ra5
{[%clk 0:02:35]} Rc5 {[%clk 0:05:09]} 47. a4 {[%clk 0:02:38]} Ke4
{[%clk 0:05:05]} 48. Rxb5 {[%clk 0:02:43]} Rh2+ {[%clk 0:05:14]} 49. Kd1
{[%clk 0:02:52]} Rd5+ {[%clk 0:05:11]} 50. Rxd5 {[%clk 0:03:00]} Kxd5
{[%clk 0:05:20]} 51. a5 {[%clk 0:03:09]} Rxb2 {[%clk 0:05:26]} 52. Kc1
{[%clk 0:03:15]} Ra2 {[%clk 0:05:34]} 53. a6 {[%clk 0:03:24]} Kc4
{[%clk 0:05:37]} 54. a7 {[%clk 0:03:33]} Rxa7 {[%clk 0:05:45]} 55. Kc2
{[%clk 0:03:42]} Ra2+ {[%clk 0:05:53]} 56. Kc1 {[%clk 0:03:49]} Kxc3
{[%clk 0:06:00]} 57. Kd1 {[%clk 0:03:59]} e5 {[%clk 0:06:04]} 58. Ke1
{[%clk 0:04:06]} Kd3 {[%clk 0:06:13]} 59. Kf1 {[%clk 0:04:15]} Ke3
{[%clk 0:06:22]} 60. h6 {[%clk 0:04:23]} g6 {[%clk 0:06:27]} 61. Kg1
{[%clk 0:04:31]} Kf3 0-1

[Event "MCR druzstev mladsich zaku 2015"]
[Site "Hradec Kralove"]
[Date "2015.06.13"]
[Round "4.9"]
[White "Richterova (Kurim), Julie"]
[Black "Mavrev (BSS F-M \"B\"), David"]
[Result "0-1"]
[BlackElo "1537"]
[WhiteElo "1422"]
[LiveChessVersion "1.4.4"]

1. d4 {[%clk 0:25:19]} d5 {[%clk 0:25:14]} 2. c4 {[%clk 0:25:27]} c6
{[%clk 0:25:17]} 3. Nc3 {[%clk 0:25:29]} Nf6 {[%clk 0:25:24]} 4. Nf3
{[%clk 0:25:29]} e6 {[%clk 0:25:12]} 5. Bg5 {[%clk 0:25:23]} Be7 {[%clk 0:25:16]}
6. e3 {[%clk 0:25:27]} Nbd7 {[%clk 0:25:18]} 7. Bd3 {[%clk 0:25:19]} h6
{[%clk 0:25:20]} 8. Bh4 {[%clk 0:25:06]} dxc4 {[%clk 0:24:44]} 9. Bxc4
{[%clk 0:25:06]} Nb6 {[%clk 0:24:52]} 10. Bd3 {[%clk 0:24:52]} Nbd5
{[%clk 0:24:56]} 11. O-O {[%clk 0:23:50]} O-O {[%clk 0:25:03]} 12. e4
{[%clk 0:21:44]} Nf4 {[%clk 0:22:40]} 13. Bc2 {[%clk 0:20:40]} Ng6
{[%clk 0:22:37]} 14. Bg3 {[%clk 0:18:58]} Nh5 {[%clk 0:21:51]} 15. Ne5
{[%clk 0:16:29]} Nxg3 {[%clk 0:20:49]} 16. Nxg6 {[%clk 0:15:50]} Nxf1
{[%clk 0:20:21]} 17. Nxf8 {[%clk 0:15:45]} Nxh2 {[%clk 0:19:17]} 18. Nxe6
{[%clk 0:15:12]} Bxe6 {[%clk 0:19:24]} 19. Kxh2 {[%clk 0:15:03]} Qc7+
{[%clk 0:19:23]} 20. Kg1 {[%clk 0:14:35]} Rd8 {[%clk 0:19:31]} 21. Ne2
{[%clk 0:11:03]} Bg4 {[%clk 0:17:27]} 22. f3 {[%clk 0:10:29]} Be6
{[%clk 0:17:35]} 23. Qe1 {[%clk 0:09:15]} Qb6 {[%clk 0:17:02]} 24. b3
{[%clk 0:06:49]} Bb4 {[%clk 0:16:18]} 25. Qf2 {[%clk 0:06:19]} Be7
{[%clk 0:14:44]} 26. Rd1 {[%clk 0:05:58]} Qa5 {[%clk 0:11:16]} 27. Bb1
{[%clk 0:04:30]} Qb6 {[%clk 0:10:00]} 28. Nf4 {[%clk 0:03:23]} Bc8
{[%clk 0:09:01]} 29. Kf1 {[%clk 0:02:02]} Bg5 {[%clk 0:07:38]} 30. Ne2
{[%clk 0:01:35]} Bf6 {[%clk 0:06:03]} 31. Bc2 {[%clk 0:01:07]} Be6
{[%clk 0:05:56]} 32. e5 {[%clk 0:00:42]} Be7 {[%clk 0:05:47]} 33. f4
{[%clk 0:00:33]} Bg4 {[%clk 0:05:32]} 34. f5 {[%clk 0:00:20]} Bf8
{[%clk 0:04:43]} 35. Qf4 {[%clk 0:00:22]} Bxe2+ {[%clk 0:04:42]} 36. Kxe2
{[%clk 0:00:31]} Qa6+ {[%clk 0:04:52]} 37. Kf2 {[%clk 0:00:34]} Qxa2
{[%clk 0:05:00]} 38. Qe4 {[%clk 0:00:22]} Qa5 {[%clk 0:04:11]} 39. e6
{[%clk 0:00:21]} Qd5 {[%clk 0:03:01]} 40. Qxd5 {[%clk 0:00:17]} Rxd5
{[%clk 0:03:10]} 41. exf7+ {[%clk 0:00:26]} Kxf7 {[%clk 0:03:19]} 42. g4
{[%clk 0:00:27]} Be7 {[%clk 0:03:04]} 43. Ke3 {[%clk 0:00:33]} Bf6
{[%clk 0:03:13]} 44. Ke4 {[%clk 0:00:32]} Ke7 {[%clk 0:03:16]} 45. Ke3
{[%clk 0:00:25]} Kd6 46. Rd3 {[%clk 0:00:19]} Bg5+ {[%clk 0:03:20]} 47. Ke4
{[%clk 0:00:26]} Bf6 {[%clk 0:03:29]} 48. Ke3 {[%clk 0:00:35]} Rb5
{[%clk 0:03:07]} 49. Ke4 {[%clk 0:00:36]} Rb4 {[%clk 0:03:16]} 50. Bd1
{[%clk 0:00:28]} c5 {[%clk 0:03:18]} 51. Bc2 {[%clk 0:00:24]} Rxd4+
{[%clk 0:05:12]} 52. Rxd4+ {[%clk 0:00:17]} Bxd4 {[%clk 0:05:21]} 53. Bd3
{[%clk 0:00:25]} Kc6 {[%clk 0:05:14]} 54. Bc4 {[%clk 0:00:27]} b5
{[%clk 0:05:08]} 55. Bd5+ {[%clk 0:00:35]} Kd6 {[%clk 0:05:15]} 56. Be6
{[%clk 0:00:36]} Kc6 {[%clk 0:04:59]} 57. Bd5+ {[%clk 0:00:44]} Kb6
{[%clk 0:05:08]} 58. Be6 {[%clk 0:00:38]} Ka5 {[%clk 0:05:10]} 59. Kd3
{[%clk 0:00:34]} Kb4 {[%clk 0:05:18]} 60. Bf7 {[%clk 0:00:38]} a5
{[%clk 0:05:25]} 61. Kc2 {[%clk 0:00:21]} a4 {[%clk 0:05:22]} 62. bxa4
{[%clk 0:00:24]} bxa4 {[%clk 0:05:31]} 63. Kb1 {[%clk 0:00:15]} c4
{[%clk 0:05:32]} 64. Kc2 {[%clk 0:00:21]} a3 {[%clk 0:05:37]} 65. Kb1
{[%clk 0:00:27]} Kb3 {[%clk 0:05:46]} 0-1